书目信息 |
| 题名: |
西方世界的兴起
|
|
| 作者: | 诺斯 , 托马斯 著 ;厉以平 , 蔡磊 译 | |
| 分册: | ||
| 出版信息: | 北京 华夏出版社 2017.04 |
|
| 页数: | 198页 | |
| 开本: | 24cm | |
| 丛书名: | 诺贝尔经济学奖经典译丛 | |
| 单 册: | ||
| 中图分类: | F150.9 | |
| 科图分类: | ||
| 主题词: | 西方经济--经济史--研究 | |
| 电子资源: | ||
| ISBN: | 978-7-5080-9159-4 | |
| 000 | 01508oam2 2200301 450 | |
| 001 | 4321 | |
| 005 | 20181011100048.34 | |
| 010 | @a978-7-5080-9159-4@dCNY39.80 | |
| 100 | @a20170619d2017 em y0chiy50 ea | |
| 101 | 1 | @achi@ceng |
| 102 | @aCN@b110000 | |
| 105 | @ay z 000yy | |
| 200 | 1 | @a西方世界的兴起@9xi fang shi jie de xing qi@dThe rise of the western world: a new economic history@f(美)道格拉斯·诺斯,(美)罗伯斯·托马斯著@g厉以平,蔡磊译@zeng |
| 210 | @a北京@c华夏出版社@d2017.04 | |
| 215 | @a198页@d24cm | |
| 225 | 2 | @a诺贝尔经济学奖经典译丛 |
| 314 | @a道格拉斯·诺斯 (1920-2015),男,1993年诺贝尔经济学奖得主。现任华盛顿大学经济学卢斯讲座教授。主要著作:《制度变化与美国的经济增长》、《经济史中的结构与变迁》等。 | |
| 330 | @a本书作者对西方近代民族国家兴起这一课题进行探讨时采取了不同于过去的论述方法,而运用了交易成本理论、公共产品理论以及所有权理论,从而被认为实现了“经济史和经济理论的统一”。本书的结论是,试图改变从某一偶然的技术革新中去寻找发生产业革命的原因的偏见,引导人们从现代所有权体系和社会制度漫长的孕育过程中去寻找经济增长的原因。 | |
| 461 | 0 | @12001 @a诺贝尔经济学奖经典译丛 |
| 510 | 1 | @aRise of the western world: a new economic history@zeng |
| 606 | 0 | @a西方经济@x经济史@x研究 |
| 690 | @aF150.9@v5 | |
| 701 | 0 | @c(美)@a诺斯@9nuo si@c(North, Douglass C. )@4著 |
| 701 | 0 | @c(美)@a托马斯@9tuo ma si@c(Thomas, Robert Paul)@4著 |
| 702 | 0 | @a厉以平@9li yi ping@4译 |
| 702 | 0 | @a蔡磊@9cai lei@4译 |
| 801 | 0 | @aCN@b91MARC@c20170619 |
| 905 | @aMuseLib@dF150.9@e209 | |
| 西方世界的兴起=The rise of the western world: a new economic history/(美)道格拉斯·诺斯,(美)罗伯斯·托马斯著/厉以平,蔡磊译.-北京:华夏出版社,2017.04 |
| 198页;24cm.-(诺贝尔经济学奖经典译丛) |
| ISBN 978-7-5080-9159-4:CNY39.80 |
| 本书作者对西方近代民族国家兴起这一课题进行探讨时采取了不同于过去的论述方法,而运用了交易成本理论、公共产品理论以及所有权理论,从而被认为实现了“经济史和经济理论的统一”。本书的结论是,试图改变从某一偶然的技术革新中去寻找发生产业革命的原因的偏见,引导人们从现代所有权体系和社会制度漫长的孕育过程中去寻找经济增长的原因。 |
| ● |
| 相关链接 |
|
|
|
|
正题名:西方世界的兴起
索取号:F150.9/209
 
预约/预借
| 序号 | 登录号 | 条形码 | 馆藏地/架位号 | 状态 | 备注 |
| 1 | 1124596 | 211245963 | 第一样本阅览室/ [索取号:F150.9/209] | 在馆 | |
| 2 | 1124597 | 211245972 | 资源管理系资料室/ [索取号:F150.9/209] | 在馆 | |
| 3 | 1124598 | 211245981 | 第一借阅区/ [索取号:F150.9/209] | 在馆 | |
| 4 | 1124599 | 211245990 | 第一借阅区/ [索取号:F150.9/209] | 在馆 | |
| 5 | 1124600 | 211246007 | 第一借阅区/ [索取号:F150.9/209] | 在馆 |